01051nam0a22002411 4500001001500000005001700015035002600032100004100058101000800099102000700107105001800114200030200132205001700434210010500451215003300556300002600589532007200615700003400687801001800721801002200739801002700761852002100788v19\rc\200152620251118181307.1 a(NLR Aleph) 005076935 a20080811d1915 u y0rusy50 ca0 arus aRU ak z |||||1 aИсполнение решений волостных судовeРуководство для председателей волост. судов, образ. по закону 26 июня 1913 г.fСост. П. Заверуха, секретарь Съезда мировых судей a2-е изд. aЛохвица (Полт. г.)cтип. А. Радилевского и Пунянск[ого]d1915 aVI, 107 с.cбланк.d25 aИзд. неофиц.13aИсполнение решений волостных судов 1aЗаверухаbП.Ф.4220 0aRUbNLRgpsbo 0aRUbRuMoRGB2psbo 1aRUbProSoft-M2rusmarc aNLRj34.104.7.67